000 00517nam a22001937a 4500
003 OSt
005 20220107122755.0
008 140827b xxu||||| |||| 00| 0 eng d
020 _a9781496050762
040 _cIIITM-K
082 _a025.04 SIL/H
100 _aSilva, Matthew
_95776
245 _aHow to improve SEO
_cby Matthew Silva
260 _aU.S.A,
_bCreatespace,
_c2014.
650 _aCOMPUTER SCIENCE
_95777
650 _aSEARCH ENGINES
_95778
650 _aSEARCH ENGINE OPTIMIZATION
_95779
942 _2ddc
_cBK
999 _c4458
_d4458